Представление документа в формате MARC21

Поле Инд. ПП Название Значение
Тип записи a
Библиографический уровень a
001 Контрольный номер RU/IS/BASE/262109765
005 Дата корректировки 20240123093549.3
084 a Индекс другой классификации/Индекс ББК 81.66-00; 81.008
090 00 a Полочн. индекс 81я43
x Авторский знак П 781
100 10 a Автор Аристэ П. А.
245 00 a Заглавие Пути отмирания двух прибалтийско-финских языков
650 04 a Основная рубрика филологические науки; языкознание
653 00 a Ключевые слова взаимодействие языков
a Ключевые слова водский язык
a Ключевые слова ливский язык
a Ключевые слова общее
a Ключевые слова отмирание языков
a Ключевые слова прибалтийско-финские языки
a Ключевые слова развитие языка
a Ключевые слова уральские языки
a Ключевые слова частное языкознание
773 00 d Дата издания источника Москва, 1967
g Прочая информация С. 115-119
t Заглавие источника Проблемы языкознания
w Контрольный № источника RU/IS/BASE/102085341
901 t Тип документа a